Catalog

Record Details

Catalog Search



Glaciers of the Karakoram Himalaya Glacial Environments, Processes, Hazards and Resources  Cover Image E-book E-book

Glaciers of the Karakoram Himalaya [electronic resource] : Glacial Environments, Processes, Hazards and Resources / by Kenneth Hewitt.

Hewitt, Kenneth. (author.). SpringerLink (Online service) (Added Author).

Record details

  • ISBN: 9789400763111
  • Physical Description: XX, 363 p. 144 illus., 129 illus. in color. online resource.
  • Publisher: Dordrecht : Springer Netherlands : 2014.
Subject: Geography.
Physical geography.
Earth Sciences.
Atmospheric Sciences.
Climate Change Impacts.
Physical Geography.

Electronic resources


LDR 01562nam a22003975i 4500
00126995
003CONS
00520130919035009.0
007cr nn 008mamaa
008130912s2014 ne | s |||| 0|eng d
020 . ‡a9789400763111 ‡9978-94-007-6311-1
0247 . ‡a10.1007/978-94-007-6311-1 ‡2doi
035 . ‡a(DE-He213)978-94-007-6311-1
050 4. ‡aQC851-999
072 7. ‡aRB ‡2bicssc
072 7. ‡aSCI042000 ‡2bisacsh
1001 . ‡aHewitt, Kenneth. ‡eauthor.
24510. ‡aGlaciers of the Karakoram Himalaya ‡h[electronic resource] : ‡bGlacial Environments, Processes, Hazards and Resources / ‡cby Kenneth Hewitt.
264 1. ‡aDordrecht : ‡bSpringer Netherlands : ‡bImprint: Springer, ‡c2014.
300 . ‡aXX, 363 p. 144 illus., 129 illus. in color. ‡bonline resource.
336 . ‡atext ‡btxt ‡2rdacontent
337 . ‡acomputer ‡bc ‡2rdamedia
338 . ‡aonline resource ‡bcr ‡2rdacarrier
347 . ‡atext file ‡bPDF ‡2rda
4901 . ‡aAdvances in Asian Human-Environmental Research, ‡x1879-7180
650 0. ‡aGeography.
650 0. ‡aPhysical geography.
65014. ‡aEarth Sciences.
65024. ‡aAtmospheric Sciences.
65024. ‡aClimate Change Impacts.
65024. ‡aPhysical Geography.
7102 . ‡aSpringerLink (Online service)
7730 . ‡tSpringer eBooks
77608. ‡iPrinted edition: ‡z9789400763104
830 0. ‡aAdvances in Asian Human-Environmental Research, ‡x1879-7180
85640. ‡uhttp://biblioteca.ipicyt.edu.mx:2048/login?url=http://dx.doi.org/10.1007/978-94-007-6311-1 ‡yTexto completo ‡9CONS
950 . ‡aEarth and Environmental Science (Springer-11646)
901 . ‡a26995 ‡b ‡c26995 ‡tbiblio ‡sSystem Local

Additional Resources